000 00651nam a2200205 a 4500
001 000055280
005 20200120223042.0
008 070622s2007 ck ag gr 000 0 spa d
082 0 4 _a788.32
_bS42
100 1 _aSierra, Santiago Emilio
245 1 0 _aCuaderno de ejercicios para flauta traversa /
_cSantiago Emilio Sierra, María Paula Polanía.
250 _a1a. ed.
260 _aBogotá :
_bMinisterio de cultura,
_c2007.
300 _a104 p. :
_bil.
490 0 _aPrograma Nacional de Bandas
500 _aPlan Nacional de Música para la Convivencia.
650 1 4 _aMúsica
650 2 4 _aArreglos musicales
700 1 _aPolanía, María Paula.
999 _c4843
_d4843